000 00721nam a2200229Ii 4500
003 JO-AjNU
008 230605s9999||||xx |||||||||||||| ||und||
017 _a1984/5503
020 _a977-142-080-1
040 _aJO-AjNU
_bara
_erda
_cJO-AjNU
041 _aara
050 1 4 _aBP144.M2 1985
100 3 _aمخلوف، حسنين محمد,
_eauthor
_923694
245 0 0 _aفتاوى شرعية وبحوث إسلامية، ج1
250 _aط5
264 3 1 _aد.م: دار الإعتصام، 1985
300 _aج1، 287ص
336 _atext
_btxt
_2rdacontent
337 _aunmediated
_bn
_2rdamedia
338 _avolume
_bnc
_2rdacarrier
650 4 _aالفقه الاسلامي- الاسلام- متفرقات
_923695
999 _aA8612
_c12180
_d12180